Les meilleurs joueurs sur FIFA 11 - Statistiques

Statistiques générales
  • Ce quiz a été pris 373 fois
    247 depuis la dernière actualisation
  • Le résultat moyen est 16 sur 27
Statistiques - réponses
Note Joueurs Club % Correct
89 Cristiano Ronaldo Real Madrid
99%
90 Lionel Messi FC Barcelone
99%
87 Andrés Iniesta FC Barcelone
91%
87 Xavi FC Barcelone
91%
88 Wayne Rooney Manchester United
82%
89 Iker Casillas Real Madrid
80%
86 Philipp Lahm Bayern Munich
74%
88 Didier Drogba Chelsea
71%
87 Carles Puyol FC Barcelone
69%
86 Franck Ribéry Bayern Munich
67%
87 Arjen Robben Bayern Munich
65%
86 Steven Gerrard Liverpool
65%
87 Frank Lampard Chelsea
64%
88 David Villa FC Barcelone
63%
86 Fernando Torres Liverpool
60%
86 Gianluigi Buffon Juventus
56%
86 Kaká Real Madrid
56%
87 Nemanja Vidić Manchester United
45%
86 Wesley Sneijder Inter Milan
44%
86 Cesc Fàbregas Arsenal
43%
87 Diego Forlán Atletico Madrid
43%
86 John Terry Chelsea
43%
86 Diego Milito Inter Milan
42%
87 Júlio César Inter Milan
31%
86 Carlos Tévez Manchester City
28%
86 Maicon Inter Milan
20%
86 Andrey Arshavin Arsenal
7%
Aucun quiz correspondant
Distribution des résultats
% des personnes avec chaque résultat
Percentile par nombre de réponses
Votre historique - résultats
Vous n’avez pas pris ce quiz depuis la dernière actualisation